<?xml version="1.0" encoding="UTF-8"?>
<record
    xmlns:xsi="http://www.w3.org/2001/XMLSchema-instance"
    xsi:schemaLocation="http://www.loc.gov/MARC21/slim http://www.loc.gov/standards/marcxml/schema/MARC21slim.xsd"
    xmlns="http://www.loc.gov/MARC21/slim">

  <leader>03489cam a22003254a 4500</leader>
  <controlfield tag="001">j  66001701 </controlfield>
  <controlfield tag="003">DLC</controlfield>
  <controlfield tag="005">20260227111521.0</controlfield>
  <controlfield tag="008">070202m19409999ja       b    000 0 jpn  </controlfield>
  <datafield tag="010" ind1=" " ind2=" ">
    <subfield code="a">j  66001701 </subfield>
  </datafield>
  <datafield tag="035" ind1=" " ind2=" ">
    <subfield code="a">(CStRLIN)DCLP07-B1775</subfield>
  </datafield>
  <datafield tag="040" ind1=" " ind2=" ">
    <subfield code="a">DLC</subfield>
    <subfield code="c">DLC-R</subfield>
  </datafield>
  <datafield tag="043" ind1=" " ind2=" ">
    <subfield code="a">a-ja---</subfield>
  </datafield>
  <datafield tag="050" ind1="0" ind2="0">
    <subfield code="a">KNX68</subfield>
    <subfield code="b">.S555 1940</subfield>
  </datafield>
  <datafield tag="066" ind1=" " ind2=" ">
    <subfield code="c">$1</subfield>
  </datafield>
  <datafield tag="245" ind1="0" ind2="0">
    <subfield code="6">880-01</subfield>
    <subfield code="a">Shin h&#x14D;gaku zensh&#x16B; /</subfield>
    <subfield code="c">hensh&#x16B; daihy&#x14D;sha Suehiro Izutar&#x14D;.</subfield>
  </datafield>
  <datafield tag="260" ind1=" " ind2=" ">
    <subfield code="6">880-02</subfield>
    <subfield code="a">T&#x14D;ky&#x14D; :</subfield>
    <subfield code="b">Nihon Hy&#x14D;ronsha,</subfield>
    <subfield code="c">Sh&#x14D;wa 15-&lt;17&gt; [1940-&lt;1942&gt;]</subfield>
  </datafield>
  <datafield tag="300" ind1=" " ind2=" ">
    <subfield code="a">v. &lt;1-21&gt; ;</subfield>
    <subfield code="c">22 cm.</subfield>
  </datafield>
  <datafield tag="500" ind1=" " ind2=" ">
    <subfield code="a">Colophon title.</subfield>
  </datafield>
  <datafield tag="500" ind1=" " ind2=" ">
    <subfield code="a">Vols. 2-9: Saihan; vols. 10-&lt;21&gt;: Shins&#x14D;ban.</subfield>
  </datafield>
  <datafield tag="500" ind1=" " ind2=" ">
    <subfield code="a">Subseries titles embossed at top of spine (but almost illegible). Vols. 2-3: Kenp&#x14D;, I-II; v. 4-8: Gy&#x14D;seih&#x14D;, I-V; v. 9-16: Minp&#x14D;, I-VIII; v. 17-&lt;21&gt;: Sh&#x14D;h&#x14D;, I-&lt;V&gt;</subfield>
  </datafield>
  <datafield tag="500" ind1=" " ind2=" ">
    <subfield code="a">Errata slips inserted.</subfield>
  </datafield>
  <datafield tag="504" ind1=" " ind2=" ">
    <subfield code="a">Includes bibliographical references.</subfield>
  </datafield>
  <datafield tag="505" ind1="0" ind2=" ">
    <subfield code="a">dai 1-kan. H&#x14D;gaku ts&#x16B;ron / Hozumi Shiget&#x14D; cho.  H&#x14D;rigaku / Hirohama Yoshio cho -- dai 2-kan. Kenp&#x14D; / Sat&#x14D; Ushijir&#x14D; cho. K&#x14D;shitsuh&#x14D; / Miyazawa Toshiyoshi cho -- dai 3-kan. Senkyoh&#x14D; / Kawamura Matasuke cho. Giinh&#x14D; / &#x14C;ishi Yoshio cho.  Kaikeih&#x14D; / Kiyomiya Shir&#x14D; cho. Gaichih&#x14D; / Matsuoka Sh&#x16B;tar&#x14D; cho -- dai 4-kan. Gy&#x14D;seih&#x14D; s&#x14D;soku / Minobe Tatsukichi cho. Gy&#x14D;sei kanpuh&#x14D; / Nomura Junji cho. Gunji gy&#x14D;seih&#x14D; / Tagami J&#x14D;ji cho -- dai 5-kan. Gy&#x14D;sei s&#x14D;sh&#x14D;h&#x14D; / Miyazawa Toshiyoshi cho. Chih&#x14D; jichisei / Ugata Junz&#x14D; cho. Keisatsuh&#x14D; gairon / Sasaki S&#x14D;ichi cho. Shakai gy&#x14D;seih&#x14D; / Ugai Nobushige cho -- dai 6-kan. K&#x14D;butsu eiz&#x14D;butsuh&#x14D; / Isozaki Tatsugor&#x14D; cho.  K&#x14D;y&#x14D; futan / Minobe Tatsukichi cho. Dobokuh&#x14D; / Watanabe S&#x14D;tar&#x14D; cho -- dai 7-kan. Kanrih&#x14D; / Sugimura Sh&#x14D;zabur&#x14D; cho. K&#x14D;ky&#x14D; kigy&#x14D;h&#x14D; / Tanaka Jir&#x14D; cho. K&#x14D;ts&#x16B; ts&#x16B;shinh&#x14D; / Yanase Yoshimoto cho -- dai 8-kan. Bunka gy&#x14D;seih&#x14D; / Nakamura Yas&#x14D;ji cho. Sozeih&#x14D; ; Chih&#x14D;zeih&#x14D; ; Senbaih&#x14D; / Sugimura Sh&#x14D;zabur&#x14D; cho -- dai 9-kan. Bukkenh&#x14D;, j&#x14D;kan ; Minp&#x14D; s&#x14D;soku, j&#x14D;kan / Hozumi Shiget&#x14D; cho -- dai 10-kan. Minp&#x14D; s&#x14D;soku, gekan / Hozumi Shiget&#x14D; cho. Bukkenh&#x14D;, gekan / Suekawa Hiroshi cho -- dai 11-kan. Tanpo bukkenh&#x14D;, j&#x14D;kan / Katsumoto Masaakira cho . Saiken s&#x14D;ron / Suehiro Izutar&#x14D; cho -- dai 12-kan. Tanpo bukkenh&#x14D;, gekan / Katsumoto Masaakira cho. Tokubetsu tanpoh&#x14D; / Ishida Bunjir&#x14D; cho -- dai 13-kan. Keiyakuh&#x14D; / Mitsuma Shinz&#x14D; cho. Jimu kanri, fut&#x14D; ritoku, fuh&#x14D; k&#x14D;i / Wagatsuma Sakae cho -- dai 14-kan. Shinzokuh&#x14D; / Nakagawa Zennosuke cho. Shintakuh&#x14D; / Irie Shintar&#x14D; cho -- dai 15-kan. S&#x14D;zokuh&#x14D; / Kond&#x14D; Eikichi cho. Mujinh&#x14D; / Kain&#x14D; Michitaka cho -- dai 16-kan. Kosekih&#x14D; oyobi Kiry&#x16B;h&#x14D; / Nakagawa Zennosuke cho. Fud&#x14D;san t&#x14D;kih&#x14D; / Funabashi Jun&#x2BC;ichi cho. Shakuchi shakuyah&#x14D; / Kain&#x14D; Michitaka cho -- dai 17-kan. Sh&#x14D;h&#x14D; s&#x14D;soku / Nishihara Kan&#x2BC;ichi cho. Gink&#x14D;h&#x14D; / Tanaka Seiji cho -- dai 18-kan. Sh&#x14D;k&#x14D;ih&#x14D; / Komachiya S&#x14D;z&#x14D; cho. Torihikijoh&#x14D; / Tanaka K&#x14D;tar&#x14D; cho -- dai 19-kan. Kaishah&#x14D; / &#x14C;mori K&#x14D;ta cho. Shasaih&#x14D; / Ishii Teruhisa cho -- dai 20-kan. Hokenh&#x14D; / Nozu Tsutomu cho. Kaij&#x14D; hokenh&#x14D; / Ishii Teruhisa cho -- dai 21-kan. Tegatah&#x14D;, Kogitteh&#x14D; / Izawa K&#x14D;hei cho. Kaish&#x14D;h&#x14D; / Takei Ren cho     </subfield>
  </datafield>
  <datafield tag="650" ind1=" " ind2="0">
    <subfield code="a">Law</subfield>
    <subfield code="z">Japan.</subfield>
  </datafield>
  <datafield tag="700" ind1="1" ind2=" ">
    <subfield code="6">880-03</subfield>
    <subfield code="a">Suehiro, Izutar&#x14D;,</subfield>
    <subfield code="d">1881-1951.</subfield>
  </datafield>
  <datafield tag="880" ind1="0" ind2="0">
    <subfield code="6">245-01/$1</subfield>
    <subfield code="a">&#x65B0; &#x6CD5;&#x5B78; &#x5168;&#x96C6; /</subfield>
    <subfield code="c">&#x7DE8;&#x8F2F; &#x4EE3;&#x8868;&#x8005; &#x672B;&#x5F18;&#x56B4;&#x592A;&#x90CE;.</subfield>
  </datafield>
  <datafield tag="880" ind1=" " ind2=" ">
    <subfield code="6">260-02/$1</subfield>
    <subfield code="a">&#x6771;&#x4EAC; :</subfield>
    <subfield code="b">&#x65E5;&#x672C; &#x8A55;&#x8AD6;&#x793E;,</subfield>
    <subfield code="c">&#x662D;&#x548C; 15-&lt;17&gt; [1940-&lt;1942&gt;]</subfield>
  </datafield>
  <datafield tag="880" ind1="1" ind2=" ">
    <subfield code="6">700-03/$1</subfield>
    <subfield code="a">&#x672B;&#x5F18; &#x56B4;&#x592A;&#x90CE;,</subfield>
    <subfield code="d">1888-1951.</subfield>
  </datafield>
  <datafield tag="999" ind1=" " ind2=" ">
    <subfield code="c">35091</subfield>
    <subfield code="d">35091</subfield>
  </datafield>
</record>
